[Event "DEM U10/U10w 2010"]
[Site "Oberhof GER"]
[Date "2010.05.26"]
[Round "7"]
[White "Herbrig, Alexander"]
[Black "Diener, Carolin"]
[Result "1/2-1/2"]
[Termination "normal"]
[Board "19"]
[WhiteElo "1270"]
[BlackElo "1208"]
[PlyCount "152"]
[WhiteFideId "12952044"]
[BlackFideId "24699063"]
[EventCountry "GER"]
[EventRounds "11"]
[EventType "swiss"]
[EventDate "2010.05.22"]

1. e4 e5 2. Nf3 Nc6 3. Bc4 Nf6 4. d3 h6 5. c3 d5 6. exd5 Nxd5 7. Nbd2 a6 8. Bb3
Nf6 9. Nc4 Bd6 10. h3 O-O 11. Ne3 Re8 12. O-O Be6 13. Bd2 Nh7 14. h4 Qf6 15.
Bc2 Rad8 16. Rc1 Bc5 17. Re1 Bxe3 18. Bxe3 Bd5 19. Kf1 Bxf3 20. Qxf3 Qxh4 21.
Bb3 Qf6 22. Qxf6 Nxf6 23. Rcd1 Rd7 24. f3 Red8 25. Ke2 Ne7 26. Rd2 Ng6 27. g3
Ne7 28. Red1 Nf5 29. Bf2 Ne7 30. a3 Ng6 31. d4 exd4 32. Rxd4 Rxd4 33. Rxd4 Re8+
34. Kd2 Re7 35. Rd8+ Re8 36. Rxe8+ Nxe8 37. Bd5 Nd6 38. c4 c6 39. c5 Nf5 40.
Be4 Nfe7 41. Kd3 Kf8 42. Kd4 Ke8 43. f4 Kd7 44. f5 Nf8 45. Ke5 f6+ 46. Kd4 Nh7
47. Be3 Nf8 48. g4 Nc8 49. Kc4 Ke7 50. Kd3 Nd7 51. a4 Ne5+ 52. Ke2 Nxg4 53. Bd2
Ne5 54. b3 Nd7 55. Be3 Kf7 56. Kf2 Ne5 57. Kg3 Ne7 58. Kh4 Nd5 59. Bxd5+ cxd5
60. Kg3 Nc6 61. Kf2 d4 62. Bd2 Ne7 63. Kf3 Nxf5 64. Ke4 Ke6 65. b4 g5 66. a5 h5
67. b5 axb5 68. c6 Nd6+ 69. Kxd4 bxc6 70. Bb4 Nc8 71. a6 g4 72. Be1 f5 73. Kc5
Kd7 74. Bg3 Kd8 75. Kxc6 b4 76. Bh4+ Ke8 1/2-1/2

[Event "DEM U10/U10w 2010"]
[Site "Oberhof GER"]
[Date "2010.05.26"]
[Round "7"]
[White "Martin, Julian"]
[Black "Peter, Anton"]
[Result "0-1"]
[Termination "normal"]
[Board "20"]
[WhiteElo "1126"]
[BlackElo "1499"]
[PlyCount "132"]
[WhiteFideId "12941000"]
[BlackFideId "12901660"]
[EventCountry "GER"]
[EventRounds "11"]
[EventType "swiss"]
[EventDate "2010.05.22"]

1. e4 e5 2. Nf3 Nc6 3. d4 exd4 4. Bc4 Nf6 5. e5 Ne4 6. Qe2 Nc5 7. O-O Be7 8.
Rd1 Ne6 9. Qe4 O-O 10. Bd3 g6 11. Bh6 Re8 12. Nbd2 d5 13. exd6 Bxd6 14. Qh4
Qxh4 15. Nxh4 Bf4 16. Bxf4 Nxf4 17. Bc4 Be6 18. Bf1 Nb4 19. Ne4 Kg7 20. Rd2
Rad8 21. a3 Nc6 22. Nc5 Bc8 23. Rad1 b6 24. Nb3 Ne6 25. Nf3 Re7 26. Bb5 Bb7 27.
Nbxd4 Ncxd4 28. Nxd4 Nxd4 29. Rxd4 Rxd4 30. Rxd4 Re1+ 31. Bf1 Ba6 32. c4 c5 33.
Rg4 f5 34. Rf4 g5 35. Rxf5 Kg6 36. g4 Bxc4 37. h3 Bxf1 38. Kh2 Bd3 39. Rd5 Be4
40. Rd6+ Kf7 41. Rd7+ Ke6 42. Rxa7 Rh1+ 43. Kg3 Rg1+ 44. Kh2 Rg2+ 45. Kh1 Rxg4+
46. Kh2 Rg2+ 47. Kh1 Rxf2+ 48. Kg1 Rg2+ 49. Kf1 Rxb2 50. Ra4 Bg2+ 51. Kg1 Bxh3
52. Re4+ Kf5 53. Re1 h5 54. Rd1 h4 55. Rd5+ Kg4 56. Rd1 Kh5 57. Rd3 Bf5 58. Rd5
Kg4 59. Rd1 h3 60. Re1 h2+ 61. Kh1 Kf3 62. a4 Be4 63. Rxe4 Kxe4 64. a5 Kf3 65.
axb6 Kg3 66. b7 Rb1# 0-1

[Event "DEM U10/U10w 2010"]
[Site "Oberhof GER"]
[Date "2010.05.26"]
[Round "7"]
[White "Sieber, Fiona"]
[Black "Rößler, Linus Benedict"]
[Result "1-0"]
[Termination "normal"]
[Board "21"]
[WhiteElo "1605"]
[BlackElo "1105"]
[PlyCount "99"]
[WhiteFideId "12902373"]
[BlackFideId "12921076"]
[EventCountry "GER"]
[EventRounds "11"]
[EventType "swiss"]
[EventDate "2010.05.22"]

1. e4 c5 2. f4 d6 3. Nf3 Nc6 4. Bb5 e6 5. Bxc6+ bxc6 6. O-O Ne7 7. b3 Ng6 8. d3
Be7 9. Qe1 O-O 10. Qg3 Bd7 11. Bb2 Bh4 12. Nxh4 Qxh4 13. Rf3 Qxg3 14. Rxg3 f6
15. Rf3 e5 16. f5 Nf4 17. Kf2 g6 18. g4 g5 19. Nd2 Rad8 20. Nc4 d5 21. Nd2 Be8
22. Ba3 dxe4 23. Nxe4 Rf7 24. Bxc5 Rfd7 25. Nxf6+ Kg7 26. Nxd7 Rxd7 27. Re1 Rd5
28. b4 Bf7 29. a3 a5 30. Rfe3 Kf6 31. Re4 Nh3+ 32. Kg3 Nf4 33. d4 Kg7 34. Rxe5
Rxe5 35. Rxe5 axb4 36. axb4 h5 37. f6+ Kxf6 38. Be7+ Kg7 39. Rxg5+ Ng6 40. gxh5
Kh6 41. hxg6 Bxg6 42. Rxg6+ Kxg6 43. d5 cxd5 44. b5 d4 45. b6 d3 46. cxd3 Kf5
47. b7 Ke5 48. b8=Q+ Kd4 49. Qb4+ Kd5 50. Qe4# 1-0

[Event "DEM U10/U10w 2010"]
[Site "Oberhof GER"]
[Date "2010.05.26"]
[Round "7"]
[White "Boehling, Richard"]
[Black "Nguyen, Huy Dat"]
[Result "0-1"]
[Termination "normal"]
[Board "22"]
[WhiteElo "1108"]
[BlackElo "1363"]
[PlyCount "76"]
[WhiteFideId "12946176"]
[BlackFideId "12923486"]
[EventCountry "GER"]
[EventRounds "11"]
[EventType "swiss"]
[EventDate "2010.05.22"]

1. e4 c5 2. Nc3 Nc6 3. f4 g6 4. d3 Bg7 5. Nf3 d6 6. Be2 e6 7. O-O Nge7 8. Kh1
O-O 9. Qe1 Nd4 10. Nxd4 cxd4 11. Nd1 Bd7 12. c3 Nc6 13. c4 a5 14. a3 a4 15. Bd2
Na5 16. Bxa5 Qxa5 17. Qxa5 Rxa5 18. Nf2 b5 19. cxb5 Rxb5 20. Rab1 Rfb8 21. Nd1
Rc5 22. Bf3 Rb3 23. Rf2 Rxd3 24. h3 Rb3 25. Rd2 Kf8 26. Kg1 e5 27. fxe5 dxe5
28. Nf2 f5 29. Kf1 Bb5+ 30. Kg1 Bh6 31. Rdd1 Be3 32. Kh1 Bxf2 33. Rdc1 Rxb2 34.
Rxc5 Rxb1+ 35. Kh2 f4 36. h4 Bg3+ 37. Kh3 Bd7+ 38. Bg4 Rh1# 0-1

[Event "DEM U10/U10w 2010"]
[Site "Oberhof GER"]
[Date "2010.05.26"]
[Round "7"]
[White "Kololli, Kevin"]
[Black "Allin, Katharina"]
[Result "1-0"]
[Termination "normal"]
[Board "23"]
[WhiteElo "1323"]
[BlackElo "1059"]
[PlyCount "81"]
[WhiteFideId "12936863"]
[BlackFideId "12903779"]
[EventCountry "GER"]
[EventRounds "11"]
[EventType "swiss"]
[EventDate "2010.05.22"]

1. d4 d5 2. Bf4 Nf6 3. e3 Bf5 4. Nf3 e6 5. Bd3 Bg6 6. O-O Bh5 7. Nbd2 c5 8. c3
Bd6 9. Bxd6 Qxd6 10. Rc1 c4 11. Bc2 O-O 12. b3 b5 13. bxc4 bxc4 14. Rb1 Nc6 15.
Qe2 Rab8 16. Kh1 Bg6 17. Bxg6 fxg6 18. e4 e5 19. exd5 e4 20. dxc6 exf3 21.
Qxc4+ Qd5 22. Qxd5+ Nxd5 23. Nxf3 Nxc3 24. Rxb8 Rxb8 25. Rc1 Nd5 26. h3 Rc8 27.
Rc5 Nf6 28. d5 Ne4 29. Rc2 Nd6 30. Nd2 Kf7 31. f3 Kf6 32. Ne4+ Ke5 33. Nxd6
Kxd6 34. Rd2 Rb8 35. Kg1 Rc8 36. Kf2 Re8 37. f4 Re4 38. Kf3 Re7 39. Re2 Rf7 40.
Re5 Kc7 41. Ke4 1-0

[Event "DEM U10/U10w 2010"]
[Site "Oberhof GER"]
[Date "2010.05.26"]
[Round "7"]
[White "Wallat, Jessica"]
[Black "Petersen, Marcel"]
[Result "0-1"]
[Termination "normal"]
[Board "24"]
[WhiteElo "1045"]
[BlackElo "1292"]
[PlyCount "70"]
[WhiteFideId "12909637"]
[BlackFideId "12935670"]
[EventCountry "GER"]
[EventRounds "11"]
[EventType "swiss"]
[EventDate "2010.05.22"]

1. e4 c5 2. Nf3 d6 3. d4 cxd4 4. Nxd4 g6 5. Nc3 Bg7 6. Be3 Nf6 7. Bc4 O-O 8.
O-O Nbd7 9. Qd2 Ne5 10. Bb3 Bd7 11. h3 Rc8 12. Bh6 Rxc3 13. bxc3 Nxe4 14. Qe3
Nc5 15. Bxg7 Kxg7 16. Rfe1 a5 17. Bd5 e6 18. Bf3 f5 19. Ne2 Ba4 20. Rac1 Qh4
21. Nf4 Re8 22. Red1 Rd8 23. Qd4 Qh6 24. Bxb7 Kf7 25. Ba6 g5 26. Nd3 Ncxd3 27.
Bxd3 Bc6 28. Qb6 Nf3+ 29. Kh1 Ne5 30. Kh2 Rg8 31. Qc7+ Kf6 32. Re1 g4 33. Re3
gxh3 34. Rxh3 Rxg2+ 35. Kh1 Qxh3# 0-1

[Event "DEM U10/U10w 2010"]
[Site "Oberhof GER"]
[Date "2010.05.26"]
[Round "7"]
[White "Nothnagel, Marian Can"]
[Black "Schröder, Janina"]
[Result "1-0"]
[Termination "normal"]
[Board "26"]
[WhiteElo "1211"]
[BlackElo "1042"]
[PlyCount "79"]
[WhiteFideId "12921530"]
[BlackFideId "24693138"]
[EventCountry "GER"]
[EventRounds "11"]
[EventType "swiss"]
[EventDate "2010.05.22"]

1. d4 d5 2. c4 e6 3. Nc3 Nf6 4. Bg5 Be7 5. e3 h6 6. Bxf6 Bxf6 7. Nf3 O-O 8.
cxd5 exd5 9. Bd3 Be6 10. O-O Nd7 11. Re1 c5 12. dxc5 Nxc5 13. Rc1 Rc8 14. Nd4
Qb6 15. Nxe6 Nxe6 16. Nxd5 Qxb2 17. Rc2 Qe5 18. f4 Qd6 19. Nxf6+ gxf6 20. Bh7+
Kxh7 21. Qxd6 Rxc2 22. Qd3+ Kg8 23. Qxc2 b6 24. Qf5 Nc5 25. Qxf6 Kh7 26. g4 a5
27. g5 hxg5 28. fxg5 Nd7 29. Qf5+ Kg7 30. Qxd7 Kg6 31. h4 Rg8 32. e4 Kg7 33.
Qf5 Kf8 34. e5 Kg7 35. h5 Kf8 36. e6 Kg7 37. h6+ Kh8 38. Qf6+ Kh7 39. exf7 Rf8
40. Qg7# 1-0

[Event "DEM U10/U10w 2010"]
[Site "Oberhof GER"]
[Date "2010.05.26"]
[Round "7"]
[White "Arnhold, Steffi"]
[Black "Burg, Niclas"]
[Result "0-1"]
[Termination "normal"]
[Board "27"]
[WhiteElo "1145"]
[BlackElo "1467"]
[PlyCount "86"]
[WhiteFideId "12931365"]
[BlackFideId "1271968"]
[EventCountry "GER"]
[EventRounds "11"]
[EventType "swiss"]
[EventDate "2010.05.22"]

1. e4 c5 2. Nf3 Nc6 3. d4 cxd4 4. Nxd4 Nf6 5. Nc3 e5 6. Nf3 Bb4 7. Bd2 O-O 8.
Bc4 Bxc3 9. Bxc3 Nxe4 10. Bxe5 Re8 11. Qd5 Qe7 12. Qxe4 Nxe5 13. Nxe5 Qxe5 14.
O-O Qxe4 15. Rfe1 Qxe1+ 16. Rxe1 Rxe1+ 17. Bf1 d5 18. f3 Rxf1+ 19. Kxf1 Bf5 20.
c3 Re8 21. a3 Bd3+ 22. Kf2 Re2+ 23. Kg3 g5 24. b3 Kg7 25. Kg4 Kg6 26. f4 f5+
27. Kf3 g4+ 28. Kg3 Be4 29. Kh4 Rxg2 30. h3 Rh2 31. Kg3 Rxh3+ 32. Kf2 g3+ 33.
Ke3 g2+ 34. Kd4 g1=Q+ 35. Ke5 Qc5 36. b4 Qxc3+ 37. Kd6 Kf6 38. b5 Qxa3+ 39. Kd7
Qe7+ 40. Kc8 Rc3+ 41. Kb8 Qd8+ 42. Kxa7 Ra3+ 43. Kxb7 d4# 0-1

[Event "DEM U10/U10w 2010"]
[Site "Oberhof GER"]
[Date "2010.05.26"]
[Round "7"]
[White "Tsoumanis, Neoptolemos"]
[Black "Dallinger, Moritz"]
[Result "0-1"]
[Termination "normal"]
[Board "28"]
[WhiteElo "1105"]
[BlackElo "1418"]
[PlyCount "66"]
[BlackFideId "12910864"]
[EventCountry "GER"]
[EventRounds "11"]
[EventType "swiss"]
[EventDate "2010.05.22"]

1. e4 e5 2. Nf3 Nc6 3. Nc3 Bc5 4. Nxe5 Bxf2+ 5. Kxf2 Nxe5 6. d4 Nc6 7. Bb5 Qf6+
8. Kg1 Qxd4+ 9. Qxd4 Nxd4 10. Bd3 c6 11. Ne2 Ne6 12. Be3 Nf6 13. h3 d6 14. Nf4
Ke7 15. Nxe6 Bxe6 16. Bg5 h6 17. Bd2 Nd7 18. Bc3 Ne5 19. Re1 f6 20. b3 Rhe8 21.
Kh2 Kd7 22. Re2 Re7 23. Rhe1 Rae8 24. Bb4 Kc7 25. Re3 c5 26. Bc3 Nxd3 27. cxd3
b5 28. R3e2 b4 29. Bb2 Kd7 30. d4 c4 31. Re3 c3 32. Bc1 Bf7 33. a3 a5 0-1

[Event "DEM U10/U10w 2010"]
[Site "Oberhof GER"]
[Date "2010.05.26"]
[Round "7"]
[White "Bergauz, Noam"]
[Black "Müller, Sophie"]
[Result "1/2-1/2"]
[Termination "normal"]
[Board "29"]
[WhiteElo "1393"]
[BlackElo "1102"]
[PlyCount "30"]
[WhiteFideId "12938033"]
[BlackFideId "12926698"]
[EventCountry "GER"]
[EventRounds "11"]
[EventType "swiss"]
[EventDate "2010.05.22"]

1. e4 e6 2. d4 d5 3. Nd2 dxe4 4. Nxe4 Nd7 5. Nf3 Be7 6. Bd3 Ngf6 7. c3 O-O 8.
O-O b6 9. Bf4 Bb7 10. Qc2 h6 11. Rfe1 c5 12. dxc5 Nxc5 13. Nxc5 Bxc5 14. Rad1
Qc8 15. Qd2 Nd5 1/2-1/2

[Event "DEM U10/U10w 2010"]
[Site "Oberhof GER"]
[Date "2010.05.26"]
[Round "7"]
[White "Hoffmann, Christoph"]
[Black "Simon, Tessa"]
[Result "1-0"]
[Termination "normal"]
[Board "30"]
[WhiteElo "1094"]
[BlackElo "1270"]
[PlyCount "87"]
[BlackFideId "12929395"]
[EventCountry "GER"]
[EventRounds "11"]
[EventType "swiss"]
[EventDate "2010.05.22"]

1. d4 Nf6 2. c4 c5 3. d5 b5 4. b3 b4 5. Bf4 d6 6. Nd2 g6 7. e4 Nbd7 8. Ngf3 Bg7
9. Bd3 Nh5 10. Bg3 Bxa1 11. Qxa1 O-O 12. O-O Ng7 13. e5 dxe5 14. Nxe5 Nxe5 15.
Bxe5 f6 16. Bg3 Bf5 17. Be2 e5 18. Bf3 Rc8 19. Be4 Bxe4 20. Nxe4 Nf5 21. f3
Nxg3 22. hxg3 Qe7 23. Qb1 Qg7 24. Qc1 Rb8 25. Nxc5 Rb6 26. Ne6 Rxe6 27. dxe6
Qe7 28. Qe3 Ra8 29. Qd2 a5 30. Qd7 Qxd7 31. exd7 Rd8 32. Rd1 Kf7 33. c5 Ke7 34.
c6 h5 35. Kf2 f5 36. Ke2 g5 37. Rd5 Kf6 38. c7 Rf8 39. d8=Q+ Rxd8 40. cxd8=Q+
Ke6 41. Rd6+ Kf7 42. Rf6+ Kg7 43. Qf8+ Kh7 44. Rh6# 1-0

[Event "DEM U10/U10w 2010"]
[Site "Oberhof GER"]
[Date "2010.05.26"]
[Round "7"]
[White "Nguyen, Anh Van"]
[Black "Mildner, Ramón"]
[Result "1-0"]
[Termination "normal"]
[Board "31"]
[WhiteElo "1095"]
[BlackElo "1200"]
[PlyCount "127"]
[WhiteFideId "12908223"]
[BlackFideId "12909645"]
[EventCountry "GER"]
[EventRounds "11"]
[EventType "swiss"]
[EventDate "2010.05.22"]

1. e4 e5 2. f4 Nc6 3. Nf3 f5 4. Nxe5 Nf6 5. Nxc6 bxc6 6. e5 Ne4 7. Qf3 Bc5 8.
c3 Qh4+ 9. g3 Qe7 10. d4 Bb6 11. Be3 O-O 12. Bc4+ Kh8 13. Nd2 Nxd2 14. Kxd2 Bb7
15. Rhg1 Rab8 16. Bd3 c5 17. Qh5 cxd4 18. Bxd4 Qf7 19. Qh3 h6 20. Bxb6 axb6 21.
a3 Rbd8 22. Raf1 d6 23. Kc2 Qe6 24. exd6 Qxd6 25. Rd1 Qf6 26. Rge1 Bf3 27. Rd2
Qd6 28. Re3 Bg4 29. Qg2 c5 30. Bc4 Qxd2+ 31. Qxd2 Rxd2+ 32. Kxd2 Rd8+ 33. Rd3
Rxd3+ 34. Kxd3 g5 35. fxg5 hxg5 36. b4 f4 37. gxf4 gxf4 38. bxc5 bxc5 39. Ke4
f3 40. Ke3 Kg7 41. Kf2 Kf6 42. Bd5 Ke5 43. Bxf3 Bxf3 44. Kxf3 Kd5 45. h4 Kc4
46. h5 Kxc3 47. h6 Kd2 48. h7 c4 49. h8=Q c3 50. Qh2+ Kc1 51. a4 Kb1 52. a5 c2
53. Qxc2+ Ka1 54. Qb1+ Kxb1 55. a6 Kb2 56. a7 Kb1 57. a8=Q Kb2 58. Qa4 Kb1 59.
Qb3+ Ka1 60. Qb4 Ka2 61. Ke2 Ka1 62. Kd2 Ka2 63. Kc2 Ka1 64. Qa3# 1-0

[Event "DEM U10/U10w 2010"]
[Site "Oberhof GER"]
[Date "2010.05.26"]
[Round "7"]
[White "Halas, Julia"]
[Black "Siegl, Adrian"]
[Result "1-0"]
[Termination "normal"]
[Board "32"]
[WhiteElo "1091"]
[BlackElo "1198"]
[PlyCount "125"]
[WhiteFideId "12931810"]
[BlackFideId "12930156"]
[EventCountry "GER"]
[EventRounds "11"]
[EventType "swiss"]
[EventDate "2010.05.22"]

1. e4 c5 2. Nf3 Nc6 3. d4 cxd4 4. Nxd4 Nf6 5. Nc3 e5 6. Ndb5 d6 7. Bg5 a6 8.
Na3 b5 9. Nd5 Qa5+ 10. Bd2 Qd8 11. Bg5 Qa5+ 12. Qd2 Qxd2+ 13. Bxd2 Nxd5 14.
exd5 Ne7 15. c4 bxc4 16. Bxc4 Bb7 17. O-O Nxd5 18. Bxd5 Bxd5 19. Nc2 Be7 20.
Nb4 Bb7 21. Rac1 Bd8 22. Nc6 Bxc6 23. Rxc6 Kd7 24. Rfc1 Ra7 25. Rc8 Rc7 26.
R1xc7+ Bxc7 27. Rxh8 h6 28. Rh7 Ke6 29. Rxg7 Kf6 30. Bxh6 Ba5 31. Rg3 e4 32. f3
Bb6+ 33. Kf1 e3 34. Ke2 Bd4 35. Bxe3 Bxb2 36. Kd3 Be5 37. Rh3 Ke6 38. Kc4 d5+
39. Kc5 Bc3 40. Rh5 Be5 41. Kb6 d4 42. Bd2 f6 43. Kxa6 Kd5 44. f4 Ke4 45. fxe5
fxe5 46. Rh3 Kd5 47. Kb5 e4 48. a4 e3 49. Bxe3 dxe3 50. Rxe3 Kd4 51. Rf3 Kd5
52. Rf4 Ke5 53. g3 Ke6 54. Kc5 Ke5 55. h4 Ke6 56. h5 Ke5 57. h6 Ke6 58. h7 Kd7
59. h8=R Ke7 60. Rh6 Kd7 61. Rf7+ Ke8 62. Rb7 Kd8 63. Rh8# 1-0

[Event "DEM U10/U10w 2010"]
[Site "Oberhof GER"]
[Date "2010.05.26"]
[Round "7"]
[White "Kirn, Niklas Johann"]
[Black "Lederer, Leia"]
[Result "1-0"]
[Termination "normal"]
[Board "33"]
[WhiteElo "1188"]
[BlackElo "971"]
[PlyCount "119"]
[WhiteFideId "12910899"]
[BlackFideId "12926353"]
[EventCountry "GER"]
[EventRounds "11"]
[EventType "swiss"]
[EventDate "2010.05.22"]

1. e4 c5 2. Nf3 d6 3. d4 cxd4 4. Nxd4 Nf6 5. Nc3 g6 6. Bc4 Bg7 7. Be3 O-O 8.
Bd3 e5 9. Nf3 Nc6 10. Qd2 Be6 11. Bb5 a6 12. Ba4 b5 13. Bb3 b4 14. Nd5 Nxe4 15.
Qd3 Bf5 16. Qc4 Rc8 17. Qxa6 Be6 18. O-O g5 19. Qd3 Bf5 20. Nxg5 Bh6 21. Nxe4
Bxe4 22. Qxe4 Bxe3 23. Qxe3 Nd4 24. Nxb4 Qf6 25. Nd5 Qh4 26. c3 Nf5 27. Qf3 Nh6
28. Qg3+ Qxg3 29. fxg3 Rc5 30. Rf6 Ng4 31. Rxd6 e4 32. h3 Ne5 33. Ne7+ Kg7 34.
Nf5+ Kg8 35. Bc2 Re8 36. Bxe4 Nc4 37. Rc6 Rxc6 38. Bxc6 Na5 39. Bxe8 Kf8 40.
Bb5 Nb7 41. b4 Nd8 42. Re1 Ne6 43. a4 Kg8 44. a5 h5 45. Rxe6 fxe6 46. Nd4 Kf8
47. a6 e5 48. a7 exd4 49. a8=Q+ Ke7 50. Qe4+ Kd6 51. Qxd4+ Ke6 52. Bd7+ Ke7 53.
Qc5+ Kxd7 54. Qb6 h4 55. gxh4 Kc8 56. Qa7 Kd8 57. h5 Ke8 58. h6 Kf8 59. h7 Ke8
60. h8=R# 1-0

[Event "DEM U10/U10w 2010"]
[Site "Oberhof GER"]
[Date "2010.05.26"]
[Round "7"]
[White "Riegel, Arinna"]
[Black "Rogozenco, Teodora Nana"]
[Result "0-1"]
[Termination "normal"]
[Board "34"]
[WhiteElo "1013"]
[BlackElo "1186"]
[PlyCount "50"]
[WhiteFideId "12931446"]
[BlackFideId "12938084"]
[EventCountry "GER"]
[EventRounds "11"]
[EventType "swiss"]
[EventDate "2010.05.22"]

1. e4 c6 2. d3 d5 3. exd5 cxd5 4. Nf3 Bg4 5. g3 g6 6. Bg2 Bg7 7. O-O e6 8. Bf4
Bxb2 9. d4 Bxa1 10. Qd3 Bxf3 11. Bxf3 Nc6 12. c3 Nge7 13. Bh6 Nf5 14. Bf4 O-O
15. h3 Nfxd4 16. cxd4 Bxd4 17. Qb5 Qb6 18. Qd3 Qb2 19. a3 Ne5 20. Bxe5 Bxe5 21.
Re1 Qd4 22. Qe2 Bxg3 23. Kg2 Bd6 24. Qb5 Qb6 25. Qd3 Rfc8 0-1

[Event "DEM U10/U10w 2010"]
[Site "Oberhof GER"]
[Date "2010.05.26"]
[Round "7"]
[White "Stobbe, Frederik"]
[Black "Denkert, Anna"]
[Result "0-1"]
[Termination "normal"]
[Board "35"]
[WhiteElo "1157"]
[BlackElo "914"]
[PlyCount "40"]
[BlackFideId "12938122"]
[EventCountry "GER"]
[EventRounds "11"]
[EventType "swiss"]
[EventDate "2010.05.22"]

1. e4 e5 2. d4 exd4 3. Nf3 Nc6 4. Nxd4 Nf6 5. Nc3 Bb4 6. Bg5 d6 7. Bb5 Bd7 8.
O-O h6 9. Bxf6 Qxf6 10. Nd5 Qxd4 11. Bxc6 Qxd1 12. Raxd1 Bxc6 13. Nxc7+ Kd8 14.
Nxa8 Bb5 15. Rxd6+ Bxd6 16. Rd1 Ke7 17. e5 Bxe5 18. Re1 Kf6 19. f4 Bxf4 20. Rf1
Bxf1 0-1

[Event "DEM U10/U10w 2010"]
[Site "Oberhof GER"]
[Date "2010.05.26"]
[Round "7"]
[White "Neuwald, Johannes"]
[Black "Du, Katharina"]
[Result "1-0"]
[Termination "normal"]
[Board "36"]
[WhiteElo "1277"]
[BlackElo "1006"]
[PlyCount "103"]
[BlackFideId "12945757"]
[EventCountry "GER"]
[EventRounds "11"]
[EventType "swiss"]
[EventDate "2010.05.22"]

1. e4 e5 2. Nf3 Nc6 3. Bb5 a6 4. Ba4 d6 5. d4 Bd7 6. d5 Nd4 7. Bxd7+ Qxd7 8.
Nxd4 exd4 9. Qxd4 Be7 10. Qxg7 O-O-O 11. Qd4 Kb8 12. Be3 b6 13. Qxh8 Nf6 14.
Qg7 Rg8 15. Qxf7 Rxg2 16. Qe6 Qd8 17. Nc3 Ng4 18. O-O-O Ne5 19. Rdg1 Rxg1+ 20.
Rxg1 Ng6 21. Ne2 Kb7 22. Nd4 Qf8 23. Nc6 Bh4 24. Qf5 Qe8 25. Qh3 Qxe4 26. Rxg6
hxg6 27. Qd7 Qh1+ 28. Kd2 Qxd5+ 29. Ke2 Qxc6 30. Qxc6+ Kxc6 31. Kd3 Bf6 32. Bd4
Bxd4 33. Kxd4 Kd7 34. Ke4 Ke6 35. h4 c6 36. c3 a5 37. c4 d5+ 38. cxd5+ cxd5+
39. Kf4 Kf6 40. a4 Ke6 41. Ke3 Ke5 42. f4+ Ke6 43. Kd4 Kd6 44. f5 gxf5 45. h5
f4 46. h6 f3 47. Ke3 Ke6 48. h7 d4+ 49. Kxf3 d3 50. h8=Q d2 51. Qd8 Ke5 52.
Qxd2 1-0

[Event "DEM U10/U10w 2010"]
[Site "Oberhof GER"]
[Date "2010.05.26"]
[Round "7"]
[White "Sadewasser, Lucie"]
[Black "Lohrmann, Tabea"]
[Result "1-0"]
[Termination "normal"]
[Board "37"]
[WhiteElo "1197"]
[BlackElo "874"]
[PlyCount "119"]
[WhiteFideId "12905445"]
[BlackFideId "12911941"]
[EventCountry "GER"]
[EventRounds "11"]
[EventType "swiss"]
[EventDate "2010.05.22"]

1. e4 e5 2. Nf3 Nc6 3. Nc3 Nf6 4. d4 exd4 5. Nxd4 Bc5 6. Nb3 d6 7. Bg5 O-O 8.
Bb5 Be6 9. Nxc5 dxc5 10. Bxc6 bxc6 11. Qxd8 Raxd8 12. e5 Bc4 13. exf6 Rfe8+ 14.
Be3 gxf6 15. Rd1 Rd6 16. Rxd6 cxd6 17. Kd2 d5 18. Bxc5 a6 19. b3 Bb5 20. a4 Re5
21. axb5 axb5 22. Bd4 Rf5 23. g4 Rf4 24. Ke3 Rxg4 25. Bxf6 Rg6 26. Bh4 Rg4 27.
Bg3 Rg6 28. Re1 b4 29. Na2 c5 30. Kd3 Rg4 31. f4 Rg6 32. Re8+ Kg7 33. Rc8 Ra6
34. Rxc5 Rxa2 35. Rxd5 Ra6 36. Bf2 Ra8 37. Bc5 Rb8 38. Rd4 Re8 39. Rxb4 Re6 40.
Rb6 Re1 41. Bd4+ Kf8 42. Bf6 Rd1+ 43. Kc3 Ke8 44. Rb7 Rf1 45. Re7+ Kf8 46. Rd7
Re1 47. Rd8+ Re8 48. Rxe8+ Kxe8 49. b4 Kd7 50. Kc4 Kc6 51. b5+ Kb6 52. Bd4+ Kb7
53. Kc5 Kc7 54. b6+ Kb7 55. Kb5 Ka8 56. Kc6 Kb8 57. Be5+ Ka8 58. b7+ Ka7 59.
b8=Q+ Ka6 60. Qb6# 1-0

[Event "DEM U10/U10w 2010"]
[Site "Oberhof GER"]
[Date "2010.05.26"]
[Round "7"]
[White "Köhler, Inken"]
[Black "Ramien, David"]
[Result "0-1"]
[Termination "normal"]
[Board "38"]
[WhiteElo "786"]
[BlackElo "1172"]
[PlyCount "106"]
[WhiteFideId "12929301"]
[BlackFideId "12948241"]
[EventCountry "GER"]
[EventRounds "11"]
[EventType "swiss"]
[EventDate "2010.05.22"]

1. e4 d5 2. Nc3 dxe4 3. Nxe4 Bf5 4. Bd3 Nc6 5. Nf3 Nb4 6. Ng3 Bxd3 7. cxd3
Nxd3+ 8. Kf1 e5 9. Qb3 Nf6 10. Ng5 Qd5 11. Qxd5 Nxd5 12. b3 Bc5 13. N3e4 Bd4
14. Rb1 f5 15. Nc3 Bxc3 16. dxc3 Nxc3 17. Ra1 Nxa2 18. Ke2 Naxc1+ 19. Raxc1
Nxc1+ 20. Rxc1 c6 21. Ne6 Ke7 22. Nxg7 Raf8 23. g3 Rhg8 24. Nh5 Rg5 25. g4 Rxg4
26. Rc5 Kd6 27. Ra5 Rb4 28. Rxa7 Rxb3 29. Ra2 Rh3 30. Rd2+ Ke7 31. Ng3 Rxh2 32.
Rb2 Rb8 33. Nxf5+ Kf6 34. Nd6 Ke6 35. Nxb7 Kf6 36. Kf3 Rh6 37. Kg3 Rg6+ 38. Kf3
Rg7 39. Rb6 Rc7 40. Nd6 Rxb6 41. Ne8+ Kg5 42. Nxc7 h5 43. Kg3 Rb3+ 44. Kg2 Kg4
45. Ne6 h4 46. Ng5 Kxg5 47. f4+ exf4 48. Kh1 Rb2 49. Kg1 f3 50. Kf1 h3 51. Kg1
Kg4 52. Kf1 h2 53. Ke1 h1=Q# 0-1

[Event "DEM U10/U10w 2010"]
[Site "Oberhof GER"]
[Date "2010.05.26"]
[Round "7"]
[White "Matzeit, Adrian"]
[Black "Möller, Hannah"]
[Result "1-0"]
[Termination "normal"]
[Board "41"]
[WhiteElo "1175"]
[BlackElo "854"]
[PlyCount "77"]
[WhiteFideId "12946737"]
[BlackFideId "1270514"]
[EventCountry "GER"]
[EventRounds "11"]
[EventType "swiss"]
[EventDate "2010.05.22"]

1. e4 e5 2. Nf3 Nc6 3. Bb5 a6 4. Ba4 Nf6 5. O-O b5 6. Bb3 Bc5 7. Re1 O-O 8. c3
d6 9. d4 exd4 10. cxd4 Bb4 11. Nc3 Re8 12. Bg5 h6 13. Bh4 Bg4 14. Bd5 Bd7 15.
Bxc6 Bxc6 16. d5 Bd7 17. e5 dxe5 18. Nxe5 Rf8 19. Bxf6 gxf6 20. Ng4 h5 21. Ne3
a5 22. a3 Bd6 23. Ne4 Qe7 24. Nxd6 Qxd6 25. Qxh5 Rfe8 26. Nf5 Bxf5 27. Qxf5 a4
28. Rxe8+ Rxe8 29. Qg4+ Kf8 30. Qf3 Qe7 31. Qc3 Qd8 32. Qc5+ Kg8 33. Qxb5 Qa8
34. Qd3 Qc8 35. Rc1 Qd7 36. h3 f5 37. Qg3+ Kf8 38. Qc3 Re7 39. Qh8# 1-0

[Event "DEM U10/U10w 2010"]
[Site "Oberhof GER"]
[Date "2010.05.26"]
[Round "7"]
[White "Schluckner, Paul-Leopold"]
[Black "Giede, Anna-Blume"]
[Result "1/2-1/2"]
[Termination "normal"]
[Board "43"]
[WhiteElo "957"]
[BlackElo "927"]
[PlyCount "44"]
[WhiteFideId "12952168"]
[BlackFideId "12921980"]
[EventCountry "GER"]
[EventRounds "11"]
[EventType "swiss"]
[EventDate "2010.05.22"]

1. e4 e5 2. Nf3 Nc6 3. Nc3 Bb4 4. Nd5 Bc5 5. Nxe5 Nxe5 6. d4 Bd6 7. dxe5 Bxe5
8. Bc4 c6 9. Nc3 d6 10. Qf3 Qe7 11. O-O Nf6 12. Re1 O-O 13. Bf4 Bg4 14. Qe3 a6
15. Bxe5 Qxe5 16. f3 Bd7 17. Rad1 Rad8 18. Qd3 Be6 19. Bb3 Rfe8 20. Qe3 d5 21.
exd5 Qxe3+ 22. Rxe3 cxd5 1/2-1/2